Online
Catalog

Raíces de Sabana Grande de Boyá / (Record no. 49338)

MARC details
000 -CABECERA
campo de control de longitud fija 01295nam a2200313 a 4500
001 - NÚMERO DE CONTROL
campo de control
003 - IDENTIFICADOR DEL NÚMERO DE CONTROL
campo de control OSt
005 - FECHA Y HORA DE LA ÚLTIMA TRANSACCIÓN
campo de control 20260114123504.0
008 - DATOS DE LONGITUD FIJA--INFORMACIÓN GENERAL
campo de control de longitud fija 090416s2019 dr a spa d0101
020 ## - NÚMERO INTERNACIONAL ESTÁNDAR DEL LIBRO
Número Internacional Estándar del Libro 9789945220032
040 ## - FUENTE DE LA CATALOGACIÓN
Centro catalogador/agencia de origen DO-SdBNP
Lengua de catalogación spa
Centro/agencia transcriptor BNPHU
082 ## - NÚMERO DE LA CLASIFICACIÓN DECIMAL DEWEY
Número de clasificación 972.9377
Número de documento/Ítem M516r
Número de edición 22
100 ## - ENTRADA PRINCIPAL--NOMBRE DE PERSONA
Nombre de persona Mejía, Osiris
Fechas asociadas al nombre 1972-
9 (RLIN) 77702
245 13 - MENCIÓN DE TÍTULO
Título Raíces de Sabana Grande de Boyá /
Mención de responsabilidad, etc. Flanklin Osiris Mejía Macario
Resto del título
260 ## - PUBLICACIÓN, DISTRIBUCIÓN, ETC.
Lugar de publicación, distribución, etc. Santo Domingo :
Nombre del editor, distribuidor, etc. Búho,
Fecha de publicación, distribución, etc. 2019
300 ## - DESCRIPCIÓN FÍSICA
Extensión 77 p. :
Otras características físicas il. , retrs. ;
Dimensiones 23 cm.
500 ## - NOTA GENERAL
Nota general Incluye referencias bibliográficas y notas al pie de las páginas
500 ## - NOTA GENERAL
Nota general Incluye índice
505 ## - NOTA DE CONTENIDO CON FORMATO
Nota de contenido con formato Breve reseña histórica del origen de Sabana Grande de Boyá -- Los apodos de mi pueblo -- Cómo surgieron algunos apodos -- Desafíos obrero.
590 ## - NOTA LOCAL (RLIN)
Nota local Inventariado, 2021/VM
650 #4 - PUNTO DE ACCESO ADICIONAL DE MATERIA--TÉRMINO DE MATERIA
Término de materia o nombre geográfico como elemento de entrada Ciudades y pueblos
Subdivisión geográfica República Dominicana
9 (RLIN) 784
650 #4 - PUNTO DE ACCESO ADICIONAL DE MATERIA--TÉRMINO DE MATERIA
Término de materia o nombre geográfico como elemento de entrada Desarrollo rural
Subdivisión geográfica Sabana Grande De Boyá (República Dominicana)
Subdivisión general Historia
9 (RLIN) 77703
650 #0 - PUNTO DE ACCESO ADICIONAL DE MATERIA--TÉRMINO DE MATERIA
Término de materia o nombre geográfico como elemento de entrada Grupos sociales
9 (RLIN) 1635
651 #4 - PUNTO DE ACCESO ADICIONAL DE MATERIA--NOMBRE GEOGRÁFICO
Nombre geográfico Sabana Grande De Boyá (República Dominicana)
Subdivisión general Historia Local
9 (RLIN) 12977
651 #4 - PUNTO DE ACCESO ADICIONAL DE MATERIA--NOMBRE GEOGRÁFICO
Nombre geográfico Sabana Grande De Boyá (República Dominicana)
Subdivisión general Condiciones Económicas
-- Historia
9 (RLIN) 12978
700 12 - PUNTO DE ACCESO ADICIONAL--NOMBRE DE PERSONA
Nombre de persona Salazar, Manuel,
Término indicativo de función/relación pról.
9 (RLIN) 2454
910 ## - DATOS DE OPCIÓN DEL USUARIO (OCLC)
Datos de opción del usuario Vmateo
942 ## - ELEMENTOS DE PUNTO DE ACCESO ADICIONAL (KOHA)
Fuente del sistema de clasificación o colocación Dewey Decimal Classification
Tipo de ítem Koha Libro
Holdings
Estado de retiro Estado de pérdida Fuente del sistema de clasificación o colocación Restricciones de uso No para préstamo Código de colección Localización permanente Ubicación/localización actual Ubicación en estantería Fecha de adquisición Fuente de adquisición Total de préstamos Signatura topográfica completa Código de barras Fecha visto por última vez Precio válido a partir de Tipo de ítem Koha Número de copia
    Dewey Decimal Classification Préstamo en sala   Dominicana de Servicio Biblioteca Nacional Pedro Henríquez Ureña General Depósito 27.01.2021 Osiris Mejía   BNPHU DS 972.9377 M516r 2021-0123 27.01.2021 27.01.2021 Libro y Folleto Colección Dominicana de Servicio e.3
    Dewey Decimal Classification Excluido de préstamo Excluido de préstamo Patrimonio Dominicano Biblioteca Nacional Pedro Henríquez Ureña Patrimonio Dominicano Depósito 27.01.2021 Osiris Mejía   BNPHU PD 972.9377 M516r 2021-0121 27.01.2021 27.01.2021 Libro y Folleto Colección Patrimonio Dominicano  
    Dewey Decimal Classification Excluido de préstamo Préstamo restrigido Patrimonio Dominicano Biblioteca Nacional Pedro Henríquez Ureña Patrimonio Dominicano Depósito 27.01.2021 Osiris Mejía   BNPHU PD 972.9377 M516r 2021-0122 27.01.2021 27.01.2021 Libro y Folleto Colección Patrimonio Dominicano e.2

Powered by Koha